000 00403cam a2200169 4500
001 D12724
008 090401t1964 xxu||||| |||| 00| 0 eng d
035 _a(Sirsi) u5308
041 _aeng
100 _aFerry, Douglas J
245 _aCost planning of buildings
260 _aLondon
_bCrosby Lockwood & Sons
_c1964
350 _a0
520 _aCopy 3; Shelf 115
942 _n0
948 _c04/03/1997
999 _c86155
_d86155